Statistics for U.S. General Knowledge #61

Click here to take the quiz!

General Stats

  • This quiz has been taken 8,618 times
  • The average score is 12 of 20

Answer Stats

QuestionAnswer% Correct
What famous U.S. landmark was known to the Lakota Sioux as "Six Grandfathers"
before it was carved?
Mount Rushmore
82%
What type of animal is Speedy Gonzalez?A mouse
75%
What Los Angeles street gang is known for their rivalry with the Crips?The Bloods
73%
What is the more common name for sodium bicarbonate, used in cooking?Baking soda
72%
In what theater was Abraham Lincoln shot?{Ford}'s Theatre
72%
What species of whale was Moby Dick?Sperm whale
69%
What is the largest company providing intercity bus service in the United States?Greyhound
67%
What singer had a serious sartorial blunder on February 1, 2004?Janet Jackson
64%
Which U.S. state capital shares its name with 33 other cities and towns in U.S.?Springfield
64%
Start in Miami. Head south on Highway 1 until you reach the end.
Where are you now?
Key West
62%
What is 100 degrees Celsius in Fahrenheit?212
61%
What is the nickname of New Jersey?The {Garden} State
61%
What New York hotel gave its name to a salad with apples, celery, walnuts, and mayo?The Waldorf Astoria
60%
What ship's mission was "to boldly go, where no man has gone before"?USS Enterprise
59%
What book by Alex Haley featured a character named Kunta Kinte?Roots
50%
What group of people can be "sequestered" in rare instances?A jury
48%
Who is the author of "The Audacity of Hope"?Barack Obama
44%
Grammatically speaking, the phrase "to boldly go" is known as a split __________.Infinitive
42%
The U.S. has 169 in total of which 130 are in Alaska. None are East of the Mississippi.
What are we talking about?
Active volcanoes
38%
What does the S in the SAT test stand for?Scholastic
32%

Score Distribution

Percentile by Number Answered

Percent of People with Each Score

Your Score History

You have not taken this quiz